ბათუმის შოთა რუსთაველის სახელმწიფო უნივერსიტეტის ბიბლიოთეკა

აბდულ-მესიანი / (ბიბ.ჩანაწერი № 50918)

000 -ლიდერი
ფიქსირებული სიგრძის საკონტროლო ველი 00992nam a2200229Ia 4500
001 - საკონტროლო ნომერი
საკონტროლო ველი 17873
003 - საკონტროლო ნომრის იდენტიფიკატორი
საკონტროლო ველი GE_BSU
005 - ბოლო ოპერაციის თარიღი და დრო
საკონტროლო ველი 20200226170707.0
008 - ფიქსირებული სიგრძის მონაცემთა ელემენტები - ზოგადი ინფორმაცია
ფიქსირებული სიგრძის საკონტროლო ველი 181216s1937ge xx |||||||||||||| ||geo||
040 ## - კატალოგიზაციის წყარო
Transcribing agency GE_BSU
041 ## - ენის კოდი
Language code of text/sound track or separate title geo
080 ## - უნივერსალური ათობითი კლასიფიკაციის ინდექსი
Universal Decimal Classification number 821.353.1-11 შ-15
100 ## - მთავარი ჩანაწერი - პიროვნების სახელი
Personal name შავთელი, იოვანე
9 (RLIN) 7523
245 ## - ცნობა სათაურის შესახებ
Title აბდულ-მესიანი /
Statement of responsibility, etc იოვანე შავთელი ; რედ. ს. კაკაბაძე.
264 ## - წარმოების, გამოცემის, დისტრიბუციის და სხვა ცნობები
გამოცემის, წარმოების, დისტრიბუციის... ადგილი თბილისი :
გამოცემის, წარმოების, დისტრიბუციის... სახელწოდება ფედერაცია,
გამოცემის, წარმოების, დისტრიბუციის... თარიღი 1937.
300 ## - ფიზიკური აღწერა
Extent 63გვ. ;
Dimensions 19 სმ.
500 ## - ზოგადი შენიშვნა
General note დანართი: ლექსიკონი (გვ. 53-58). საკუთარ სახელების საძიებელი (გვ. 59-62).
653 ## - INDEX TERM--UNCONTROLLED
Uncontrolled term აბდულ-მესიანი
653 ## - INDEX TERM--UNCONTROLLED
Uncontrolled term ქართული ლიტერატურა
700 ## - ADDED ENTRY--PERSONAL NAME
Personal name კაკაბაძე, ს
Relator term რედაქტორი
9 (RLIN) 7524
942 ## - ADDED ENTRY ELEMENTS (KOHA)
Koha item type წიგნი
Source of classification or shelving scheme
ეგზემპლარები
ჩამოწერის სტატუსი დაკარგული ეგზემპლარის სტატუსი კლასიფიკაციის წყარო ან თაროზე გაწყობის სქემა დაზიანების სტატუსი არ გაიცემა მუდმივი მდებარეობა (დაცვის ადგილი) ამჟამინდელი ადგილსამყოფელი თაროზე განთავსების ადგილი შეძენის თარიღი ღირებულება, შესყიდვის ნორმალური ფასი სრული შენახვის შიფრი შტრიხკოდი ბოლო ოპერაციის თარიღი ეგზემპლარის მიმდევრობითი ნომერი (კეტერი?) ფასის ძალაში შესვლის თარიღი ეგზემპლარის სახეობა საჯარო შენიშვნა
          ბათუმის შოთა რუსთაველის სახელმწიფო უნივერსიტეტის მთავარი ბიბლიოთეკა ბათუმის შოთა რუსთაველის სახელმწიფო უნივერსიტეტის მთავარი ბიბლიოთეკა წიგნსაცავი 2018-12-17 0.00 821.353.1-11 შ-15 45794 2018-12-17 45794 2018-12-17 წიგნი 0,60 თ.
          ბათუმის შოთა რუსთაველის სახელმწიფო უნივერსიტეტის მთავარი ბიბლიოთეკა ბათუმის შოთა რუსთაველის სახელმწიფო უნივერსიტეტის მთავარი ბიბლიოთეკა წიგნსაცავი 2018-12-17 0.00 821.353.1-11 შ-15 45795 2018-12-17 45795 2018-12-17 წიგნი 0,60თ.
          ბათუმის შოთა რუსთაველის სახელმწიფო უნივერსიტეტის მთავარი ბიბლიოთეკა ბათუმის შოთა რუსთაველის სახელმწიფო უნივერსიტეტის მთავარი ბიბლიოთეკა წიგნსაცავი 2018-12-17 0.00 821.353.1-11 შ-15 45796 2018-12-17 45796 2018-12-17 წიგნი 0,60თ.
          ბათუმის შოთა რუსთაველის სახელმწიფო უნივერსიტეტის მთავარი ბიბლიოთეკა ბათუმის შოთა რუსთაველის სახელმწიფო უნივერსიტეტის მთავარი ბიბლიოთეკა წიგნსაცავი 2018-12-17 0.00 821.353.1-11 შ-15 45797 2018-12-17 45797 2018-12-17 წიგნი 0,60თ.
          ბათუმის შოთა რუსთაველის სახელმწიფო უნივერსიტეტის მთავარი ბიბლიოთეკა ბათუმის შოთა რუსთაველის სახელმწიფო უნივერსიტეტის მთავარი ბიბლიოთეკა წიგნსაცავი 2018-12-17 0.00 821.353.1-11 შ-15 45798 2018-12-17 45798 2018-12-17 წიგნი 0,60 თ.
          ბათუმის შოთა რუსთაველის სახელმწიფო უნივერსიტეტის მთავარი ბიბლიოთეკა ბათუმის შოთა რუსთაველის სახელმწიფო უნივერსიტეტის მთავარი ბიბლიოთეკა წიგნსაცავი 2018-12-17 0.00 821.353.1-11 შ-15 45799 2018-12-17 45799 2018-12-17 წიგნი 0,60 თ.
          ბათუმის შოთა რუსთაველის სახელმწიფო უნივერსიტეტის მთავარი ბიბლიოთეკა ბათუმის შოთა რუსთაველის სახელმწიფო უნივერსიტეტის მთავარი ბიბლიოთეკა წიგნსაცავი 2018-12-17 0.00 821.353.1-11 შ-15 45800 2018-12-17 45800 2018-12-17 წიგნი 0,60 თ.
          ბათუმის შოთა რუსთაველის სახელმწიფო უნივერსიტეტის მთავარი ბიბლიოთეკა ბათუმის შოთა რუსთაველის სახელმწიფო უნივერსიტეტის მთავარი ბიბლიოთეკა წიგნსაცავი 2018-12-17 0.00 821.353.1-11 შ-15 45801 2018-12-17 45801 2018-12-17 წიგნი 0,60 თ.